Dalits in neoliberal India : (Record no. 95166)

MARC details
000 -LEADER
fixed length control field 00744nam a22002057a 4500
005 - DATE AND TIME OF LATEST TRANSACTION
control field 20150810124749.0
010 ## - LCCN (DPL NO)
LC control number ENG-113592
020 ## - INTERNATIONAL STANDARD BOOK NUMBER
International Standard Book Number 9781138020245
Terms of availability 750.00
035 ## - SYSTEM CONTROL NUMBER
System control number EN-97124
037 ## - SOURCE OF ACQUISITION
Source of stock number/acquisition DBAD/PUB
082 ## - DEWEY DECIMAL CLASSIFICATION NUMBER
Classification number 305.56880954
245 ## - TITLE STATEMENT
Title Dalits in neoliberal India :
Statement of responsibility, etc edited by Clarinda Still
Remainder of title mobility or marginalisation /
260 ## - PUBLICATION, DISTRIBUTION, ETC. (IMPRINT)
Place of publication, distribution, etc New Delhi
Name of publisher, distributor, etc Routledge
Date of publication, distribution, etc 2014
270 ## - ADDRESS
Address 912 Tolstoy House, 15-17 Tolstoy Marg, Connaught Place
City New Delhi
Postal code 110001
300 ## - PHYSICAL DESCRIPTION
Extent xviii,272p.
Dimensions 23cm(Hb)
490 ## - SERIES STATEMENT
Series statement Exploring the political in South Asia ; edited by Mukulika Banerjee
500 ## - GENERAL NOTE
General note Includes bibliographical references and index
700 ## - ADDED ENTRY--PERSONAL NAME
Personal name Still, Clarinda
942 ## - ADDED ENTRY ELEMENTS (KOHA)
Source of classification or shelving scheme Dewey Decimal Classification
Item type English Books
Call number suffix DAL
Classification part 305.56880954
Holdings
Withdrawn status Lost status Not for loan Collection code Home library Current library Date acquired Source of acquisition Cost, normal purchase price Full call number Barcode Copy number Cost, replacement price Koha item type
    Not For Loan Non-fiction D.B.Act.Division D.B.Act.Division 22/07/2015 DBAD/PUB 750.00 305.56880954 DAL EN-97124 1 750.00 English Books

© Delhi Public Library
Hit Counter
free hit counter